An enemy of the people / (Record no. 92048)

MARC details
000 -LEADER
campo de control de longitud fija 00707nam a2200241 i 4500
001 - NÚMERO DE CONTROL
campo de control 92048
003 - IDENTIFICADOR DE NÚMERO DE CONTROL
campo de control ES-MaACL
005 - FECHA Y HORA DE LA ÚLTIMA TRANSACCIÓN
campo de control 20251110063224.0
007 - CAMPO FIJO DE DESCRIPCIÓN FÍSICA--INFORMACIÓN GENERAL
campo de control de longitud fija t|
008 - DATOS DE LONGITUD FIJA--INFORMACIÓN GENERAL
campo de control de longitud fija 050329s1993 xxk ||||1| eng d
020 ## - NÚMERO INTERNACIONAL ESTÁNDAR DEL LIBRO
Número Internacional Estándar del Libro 0-582-09717-7
080 ## - NÚMERO DE LA CLASIFICACIÓN DECIMAL UNIVERSAL
Número de la Clasificación Decimal Universal 839.6-23"18"
100 1# - ENTRADA PRINCIPAL--NOMBRE DE PERSONA
Nombre de persona Ibsen, Henrik,
Fechas asociadas al nombre 1828-1906
9 (RLIN) 65031
245 13 - MENCIÓN DEL TÍTULO
Título An enemy of the people /
Mención de responsabilidad, etc. Henrik Ibsen ; adapted by Arthur Miller.
250 ## - MENCION DE EDICION
Mención de edición 1st. ed.
260 ## - PUBLICACIÓN, DISTRIBUCIÓN, ETC.
Lugar de publicación, distribución, etc. Essex :
Nombre del editor, distribuidor, etc. Longman,
Fecha de publicación, distribución, etc. 1993.
300 ## - DESCRIPCIÓN FÍSICA
Extensión XXII, 122 p. ;
Dimensiones 20 cm.
490 1# - MENCIÓN DE SERIE
Mención de serie Longman literature
700 1# - ENTRADA AGREGADA--NOMBRE PERSONAL
Nombre de persona Miller, Arthur,
Fechas asociadas al nombre 1915-2005
9 (RLIN) 81199
830 0# - PUNTO DE ACCESO ADICIONAL DE SERIE-TÍTULO UNIFORME
Título uniforme Longman literature
9 (RLIN) 232023
852 ## - LOCALIZACIÓN
Ubicación ES-MaACL
Número de control de estantería E-10858
Sublocalización o colección R.122128
Holdings
Estatus retirado Estado de pérdida Estado de daño No para préstamo Biblioteca de origen Biblioteca actual Ubicación en estantería Fecha de adquisición Fuente de adquisición Total de préstamos Signatura topográfica completa Código de barras Visto por última vez Precio de reemplazo Tipo de ítem Koha
        Biblioteca del Ateneo de Madrid Biblioteca del Ateneo de Madrid Depósito 2 17/01/2008     E-10858 1096108 23/02/2023 23/02/2023 Libro impreso